[Event "Bundesliga 9899"]
[Site "Deutschland"]
[Date "1999.01.09"]
[Round "7.5"]
[White "Heinemann, Thies"]
[Black "Machelett, Heiko"]
[Result "1-0"]
[WhiteElo "2483"]
[BlackElo "2436"]
[PlyCount "63"]
[EventDate "1998.10.17"]
[EventType "team"]
[EventRounds "15"]
[EventCountry "GER"]
[SourceTitle "Bundesliga 9899"]
[Source "DeepChess"]
[SourceDate "2005.01.01"]
[SourceVersion "1"]
[SourceVersionDate "2005.01.01"]
[SourceQuality "1"]
[WhiteTeam "Hamburger SK 1830 e.V."]
[BlackTeam "USC Magdeburg"]
[WhiteTeamCountry "GER"]
[BlackTeamCountry "GER"]

1. e4 e6 2. d4 d5 3. Nd2 Nf6 4. e5 Nfd7 5. c3 c5 6. Bd3 Nc6 7. Ne2 cxd4 8. cxd4
f6 9. exf6 Nxf6 10. Nf3 Bd6 11. O-O Qc7 12. g3 O-O 13. Bf4 Ng4 14. Rc1 e5 15.
dxe5 Ngxe5 16. Nxe5 Bxe5 17. Qb3 Qf7 18. Rxc6 bxc6 19. Bxe5 Bh3 20. Nf4 Bxf1
21. Bxf1 Qe7 22. Qc3 Rae8 23. Bd4 Qe4 24. f3 Qb1 25. Qxc6 Re1 26. Qxd5+ Rf7 27.
Qc4 Rc1 28. Bc3 Qf5 29. Qd3 Qg5 30. Qe3 Rd1 31. Qe8+ Rf8 32. Qxf8+ 1-0

[Event "Bundesliga 9899"]
[Site "Deutschland"]
[Date "1999.01.09"]
[Round "7.6"]
[White "Stolz, Mike"]
[Black "Reeh, Oliver"]
[Result "1-0"]
[WhiteElo "2320"]
[BlackElo "2420"]
[PlyCount "107"]
[EventDate "1998.10.17"]
[EventType "team"]
[EventRounds "15"]
[EventCountry "GER"]
[SourceTitle "Bundesliga 9899"]
[Source "DeepChess"]
[SourceDate "2005.01.01"]
[SourceVersion "1"]
[SourceVersionDate "2005.01.01"]
[SourceQuality "1"]
[WhiteTeam "USC Magdeburg"]
[BlackTeam "Hamburger SK 1830 e.V."]
[WhiteTeamCountry "GER"]
[BlackTeamCountry "GER"]

1. e4 c5 2. Nf3 d6 3. d4 cxd4 4. Nxd4 Nf6 5. Nc3 Nc6 6. Bg5 e6 7. Qd2 Be7 8.
O-O-O Nxd4 9. Qxd4 O-O 10. f3 a6 11. g4 b5 12. Be3 Bb7 13. Rg1 Nd7 14. g5 Qa5
15. Kb1 b4 16. Ne2 d5 17. e5 Bc5 18. Qf4 Rac8 19. Bxc5 Rxc5 20. Nd4 Qa4 21. Nb3
Rxc2 22. Kxc2 Qxa2 23. Ra1 Rc8+ 24. Bc4 Rxc4+ 25. Qxc4 dxc4 26. Na5 Qxa1 27.
Rxa1 Bd5 28. Ra4 b3+ 29. Kc3 Nxe5 30. f4 Ng6 31. Nxc4 h6 32. Ne3 Bb7 33. gxh6
gxh6 34. Kxb3 Ne7 35. Kc4 Bf3 36. Kc5 Be2 37. Nc4 Nd5 38. f5 Nf4 39. Rxa6 exf5
40. Ra8+ Kg7 41. Nd6 Ne6+ 42. Kb4 f4 43. Kc3 f3 44. Kd2 Nf4 45. Ke3 Nd5+ 46.
Kf2 Nf4 47. Rb8 Bd1 48. Nf5+ Kf6 49. Ng3 Ke5 50. Rd8 Nd5 51. Nf5 Be2 52. Nxh6
f5 53. Nxf5 Nf6 54. Nd4 1-0

[Event "Bundesliga 9899"]
[Site "Deutschland"]
[Date "1999.01.09"]
[Round "7.7"]
[White "Gustafsson, Jan"]
[Black "Kapischka, Jens"]
[Result "1-0"]
[WhiteElo "2416"]
[BlackElo "2315"]
[PlyCount "55"]
[EventDate "1998.10.17"]
[EventType "team"]
[EventRounds "15"]
[EventCountry "GER"]
[SourceTitle "Bundesliga 9899"]
[Source "DeepChess"]
[SourceDate "2005.01.01"]
[SourceVersion "1"]
[SourceVersionDate "2005.01.01"]
[SourceQuality "1"]
[WhiteTeam "Hamburger SK 1830 e.V."]
[BlackTeam "USC Magdeburg"]
[WhiteTeamCountry "GER"]
[BlackTeamCountry "GER"]

1. d4 Nf6 2. c4 g6 3. Nc3 Bg7 4. e4 d6 5. f4 O-O 6. Nf3 c5 7. d5 b5 8. cxb5 a6
9. a4 axb5 10. Bxb5 Ba6 11. Bd2 e6 12. dxe6 fxe6 13. O-O d5 14. Ng5 Qb6 15. e5
Ne8 16. Qg4 Nc7 17. h4 Bxb5 18. Nxb5 Nxb5 19. axb5 Rxa1 20. Rxa1 Rf5 21. Qe2
c4+ 22. Qe3 d4 23. Qe4 d3+ 24. Be3 Qxb5 25. Nxe6 Qxb2 26. Ra7 Bf8 27. Qxc4 Qb1+
28. Kh2 1-0

[Event "Bundesliga 9899"]
[Site "Deutschland"]
[Date "1999.01.09"]
[Round "7.8"]
[White "Studeny, Steffen"]
[Black "Sievers, Stefan"]
[Result "0-1"]
[WhiteElo "2285"]
[BlackElo "2340"]
[PlyCount "92"]
[EventDate "1998.10.17"]
[EventType "team"]
[EventRounds "15"]
[EventCountry "GER"]
[SourceTitle "Bundesliga 9899"]
[Source "DeepChess"]
[SourceDate "2005.01.01"]
[SourceVersion "1"]
[SourceVersionDate "2005.01.01"]
[SourceQuality "1"]
[WhiteTeam "USC Magdeburg"]
[BlackTeam "Hamburger SK 1830 e.V."]
[WhiteTeamCountry "GER"]
[BlackTeamCountry "GER"]

1. d4 Nf6 2. c4 c5 3. d5 b5 4. a4 bxc4 5. Nc3 e6 6. e4 exd5 7. exd5 d6 8. Bxc4
Be7 9. Nge2 O-O 10. O-O Re8 11. Ng3 Bf8 12. h3 Nbd7 13. Bf4 Rb8 14. b3 Ne5 15.
Bxe5 Rxe5 16. Qd2 Rb7 17. f4 Re8 18. Rae1 Rbe7 19. Rxe7 Rxe7 20. Re1 g6 21.
Rxe7 Qxe7 22. Qe2 Qd8 23. Nge4 Bg7 24. Nxf6+ Bxf6 25. Ne4 Bd4+ 26. Kh2 Bf5 27.
Ng3 Bd7 28. Qf3 Qa5 29. Qe2 Qd8 30. Qf3 Kf8 31. Qe2 Qh4 32. Qf3 g5 33. Ne2 gxf4
34. Nxf4 Be5 35. g3 Bxf4 36. Qxf4 Qxf4 37. gxf4 Bf5 38. Kg3 Kg7 39. h4 Kf6 40.
a5 Bc2 41. Kg4 Bd1+ 42. Kg3 h6 43. a6 Kg6 44. Bd3+ Kg7 45. Bc4 Kf6 46. Kf2 Kf5
0-1

[Event "Bundesliga 9899"]
[Site "Deutschland"]
[Date "1999.01.09"]
[Round "7.1"]
[White "Lutz, Christopher"]
[Black "Epishin, Vladimir"]
[Result "1/2-1/2"]
[WhiteElo "2610"]
[BlackElo "2578"]
[PlyCount "111"]
[EventDate "1998.10.17"]
[EventType "team"]
[EventRounds "15"]
[EventCountry "GER"]
[SourceTitle "Bundesliga 9899"]
[Source "DeepChess"]
[SourceDate "2005.01.01"]
[SourceVersion "1"]
[SourceVersionDate "2005.01.01"]
[SourceQuality "1"]
[WhiteTeam "SG Porz e.V."]
[BlackTeam "PSV Turm Duisburg 1920 e.V."]
[WhiteTeamCountry "GER"]
[BlackTeamCountry "GER"]

1. e4 c6 2. d4 d5 3. e5 Bf5 4. Nf3 e6 5. a3 Ne7 6. Nbd2 Nd7 7. Nh4 c5 8. c3 Bg6
9. Nxg6 hxg6 10. Nf3 Nc6 11. Be2 Be7 12. O-O c4 13. g3 b5 14. h4 a5 15. Ng5 Nb6
16. Bg4 Qd7 17. Qf3 Bxg5 18. Bxg5 Na4 19. Qe2 Ne7 20. Kg2 Kd8 21. Rh1 Kc7 22.
h5 gxh5 23. Bxh5 Raf8 24. Bg4 Kb6 25. Qc2 Nf5 26. Rab1 Ka6 27. Qe2 Ne7 28. Rbe1
Re8 29. Bc1 Nf5 30. Rxh8 Rxh8 31. Bxf5 exf5 32. e6 fxe6 33. Qxe6+ Qxe6 34.
Rxe6+ Kb7 35. Re7+ Kc6 36. Rxg7 b4 37. axb4 axb4 38. cxb4 Re8 39. Rg6+ Kb5 40.
Rd6 Kxb4 41. Rxd5 Kb3 42. Rxf5 Kc2 43. Bg5 Re1 44. d5 Nxb2 45. Bf6 c3 46. Rf4
Kb3 47. Rf3 Na4 48. Rd3 Kc4 49. Rd4+ Kb5 50. d6 c2 51. Bg5 Rd1 52. Re4 Nc5 53.
Re2 c1=Q 54. Bxc1 Rxc1 55. Rd2 Kc6 56. Kf3 1/2-1/2

[Event "Bundesliga 9899"]
[Site "Deutschland"]
[Date "1999.01.09"]
[Round "7.2"]
[White "Unzicker, Wolfgang"]
[Black "Van Wely, Loek"]
[Result "0-1"]
[WhiteElo "2440"]
[BlackElo "2636"]
[PlyCount "74"]
[EventDate "1998.10.17"]
[EventType "team"]
[EventRounds "15"]
[EventCountry "GER"]
[SourceTitle "Bundesliga 9899"]
[Source "DeepChess"]
[SourceDate "2005.01.01"]
[SourceVersion "1"]
[SourceVersionDate "2005.01.01"]
[SourceQuality "1"]
[WhiteTeam "PSV Turm Duisburg 1920 e.V."]
[BlackTeam "SG Porz e.V."]
[WhiteTeamCountry "GER"]
[BlackTeamCountry "GER"]

1. Nf3 Nf6 2. d4 g6 3. g3 Bg7 4. Bg2 O-O 5. O-O d5 6. c4 dxc4 7. Na3 Nc6 8.
Nxc4 Be6 9. b3 Bd5 10. Bb2 Qc8 11. Rc1 Rd8 12. e3 a5 13. Nfe5 Bxg2 14. Kxg2
Nxe5 15. Nxe5 Nd5 16. Nf3 a4 17. e4 Nb4 18. a3 Nc6 19. bxa4 Nxd4 20. Nxd4 e5
21. Nc6 Rxd1 22. Ne7+ Kf8 23. Nxc8 Rxc1 24. Rxc1 Rxc8 25. f4 exf4 26. Bxg7+
Kxg7 27. gxf4 c5 28. Rb1 Rc7 29. Kf3 Kh6 30. e5 c4 31. Ke4 c3 32. Kd5 c2 33.
Rc1 Rc8 34. a5 Kh5 35. h3 Kh4 36. Kd6 Kg3 37. Kd7 Rc3 0-1

[Event "Bundesliga 9899"]
[Site "Deutschland"]
[Date "1999.01.09"]
[Round "7.3"]
[White "Hansen, Curt"]
[Black "Thesing, Matthias"]
[Result "1/2-1/2"]
[WhiteElo "2608"]
[BlackElo "2455"]
[PlyCount "137"]
[EventDate "1998.10.17"]
[EventType "team"]
[EventRounds "15"]
[EventCountry "GER"]
[SourceTitle "Bundesliga 9899"]
[Source "DeepChess"]
[SourceDate "2005.01.01"]
[SourceVersion "1"]
[SourceVersionDate "2005.01.01"]
[SourceQuality "1"]
[WhiteTeam "SG Porz e.V."]
[BlackTeam "PSV Turm Duisburg 1920 e.V."]
[WhiteTeamCountry "GER"]
[BlackTeamCountry "GER"]

1. e4 e6 2. d4 d5 3. Nc3 Nc6 4. e5 f6 5. Bb5 Bd7 6. Nf3 a6 7. Bd3 fxe5 8. dxe5
Nh6 9. O-O Nf7 10. Re1 Bc8 11. a3 g5 12. h3 Bg7 13. Nxg5 Nxg5 14. Qg4 Nxe5 15.
Rxe5 Bxe5 16. Bxg5 Qd6 17. Qh5+ Kd7 18. Re1 Kc6 19. Qh4 b6 20. Be7 Bh2+ 21. Kf1
Qf4 22. g3 Qf3 23. Qf6 Qxf6 24. Bxf6 e5 25. Kg2 e4 26. Bxh8 exd3 27. cxd3 Bf5
28. Bd4 Bxg3 29. fxg3 Bxd3 30. b4 Rf8 31. Re6+ Kb7 32. g4 Rf4 33. Be5 Rc4 34.
Kf2 d4 35. Nd5 Rc2+ 36. Kg3 Be4 37. Bxd4 Bxd5 38. Re7 Rc4 39. Be5 Be4 40. h4
Bd3 41. h5 a5 42. bxa5 bxa5 43. g5 Kb6 44. Kf2 c5 45. g6 hxg6 46. hxg6 Bxg6 47.
Re6+ Kb5 48. Rxg6 Ka4 49. Rg3 Rc2+ 50. Ke1 Ra2 51. Rc3 Rxa3 52. Rxc5 Kb4 53.
Bd6 Rd3 54. Bf8 a4 55. Ke2 Rc3 56. Rc8+ Kb3 57. Rb8+ Ka2 58. Kd2 Rh3 59. Bg7 a3
60. Bc3 Rh2+ 61. Kd3 Rh3+ 62. Kc4 Rh4+ 63. Bd4 Rh7 64. Rg8 Rb7 65. Rg3 Rb3 66.
Rg2+ Rb2 67. Bxb2 axb2 68. Kc3 Ka1 69. Rxb2 1/2-1/2

[Event "Bundesliga 9899"]
[Site "Deutschland"]
[Date "1999.01.09"]
[Round "7.4"]
[White "Volke, Karsten"]
[Black "Nijboer, Friso"]
[Result "1/2-1/2"]
[WhiteElo "2455"]
[BlackElo "2534"]
[PlyCount "92"]
[EventDate "1998.10.17"]
[EventType "team"]
[EventRounds "15"]
[EventCountry "GER"]
[SourceTitle "Bundesliga 9899"]
[Source "DeepChess"]
[SourceDate "2005.01.01"]
[SourceVersion "1"]
[SourceVersionDate "2005.01.01"]
[SourceQuality "1"]
[WhiteTeam "PSV Turm Duisburg 1920 e.V."]
[BlackTeam "SG Porz e.V."]
[WhiteTeamCountry "GER"]
[BlackTeamCountry "GER"]

1. e4 c5 2. Nf3 e6 3. d4 cxd4 4. Nxd4 a6 5. Bd3 Nc6 6. Nxc6 dxc6 7. O-O e5 8.
a4 Bc5 9. Nd2 Ne7 10. Nc4 Ng6 11. Qh5 Qe7 12. Qg5 f6 13. Qg3 Be6 14. Be3 O-O
15. Bxc5 Qxc5 16. Qe3 Qxe3 17. Nxe3 Rfd8 18. Rfd1 Nf4 19. Bf1 Bf7 20. Nc4 Bxc4
21. Bxc4+ Kf8 22. a5 Ke7 23. Kf1 g6 24. g3 Nh3 25. Ke2 f5 26. exf5 gxf5 27. Ke3
Kf6 28. Rd3 f4+ 29. gxf4 Nxf4 30. Rxd8 Rxd8 31. Rg1 Rd4 32. b3 Nd5+ 33. Bxd5
cxd5 34. Rg8 Re4+ 35. Kd3 Rb4 36. Rh8 Kg6 37. Rg8+ Kf6 38. Rf8+ Ke6 39. Re8+
Kd6 40. Rb8 Kc6 41. Rc8+ Kd6 42. Rd8+ Kc6 43. Re8 Rd4+ 44. Kc3 Kd6 45. Rb8 Kc7
46. Re8 Kd6 1/2-1/2

[Event "Bundesliga 9899"]
[Site "Deutschland"]
[Date "1999.01.09"]
[Round "7.6"]
[White "Zude, Arno"]
[Black "Vogt, Lothar"]
[Result "1/2-1/2"]
[WhiteElo "2395"]
[BlackElo "2466"]
[PlyCount "84"]
[EventDate "1998.10.17"]
[EventType "team"]
[EventRounds "15"]
[EventCountry "GER"]
[SourceTitle "Bundesliga 9899"]
[Source "DeepChess"]
[SourceDate "2005.01.01"]
[SourceVersion "1"]
[SourceVersionDate "2005.01.01"]
[SourceQuality "1"]
[WhiteTeam "PSV Turm Duisburg 1920 e.V."]
[BlackTeam "SG Porz e.V."]
[WhiteTeamCountry "GER"]
[BlackTeamCountry "GER"]

1. e4 c5 2. Nf3 d6 3. d4 cxd4 4. Nxd4 Nf6 5. Nc3 a6 6. a4 g6 7. Be2 Bg7 8. O-O
O-O 9. Be3 Nc6 10. f4 Bd7 11. Kh1 Rc8 12. Qd3 Na5 13. Rad1 Qc7 14. Bc1 Rfd8 15.
Qg3 Be8 16. f5 Bc6 17. Qh4 b5 18. axb5 axb5 19. Bxb5 Bxb5 20. Ndxb5 Qb7 21. Bh6
Bh8 22. fxg6 hxg6 23. Bg5 Nc4 24. Rd3 Rc5 25. Nd5 Rxd5 26. exd5 Qxb5 27. Rxf6
Ne5 28. Rb3 Qe2 29. Re3 Qd1+ 30. Re1 Qxc2 31. Rf2 Qc5 32. Bxe7 Nd3 33. Rff1 Ra8
34. Rd1 Nxb2 35. Bf6 Bxf6 36. Qxf6 Nxd1 37. Qxf7+ Kh8 38. Qf6+ Kh7 39. Qh4+ Kg8
40. Rxd1 Qxd5 41. Qg4 Qf5 42. Qc4+ Qf7 1/2-1/2

[Event "Bundesliga 9899"]
[Site "Deutschland"]
[Date "1999.01.09"]
[Round "7.7"]
[White "Hort, Vlastimil"]
[Black "Schmitz, Joachim"]
[Result "1-0"]
[WhiteElo "2526"]
[BlackElo "2320"]
[PlyCount "143"]
[EventDate "1998.10.17"]
[EventType "team"]
[EventRounds "15"]
[EventCountry "GER"]
[SourceTitle "Bundesliga 9899"]
[Source "DeepChess"]
[SourceDate "2005.01.01"]
[SourceVersion "1"]
[SourceVersionDate "2005.01.01"]
[SourceQuality "1"]
[WhiteTeam "SG Porz e.V."]
[BlackTeam "PSV Turm Duisburg 1920 e.V."]
[WhiteTeamCountry "GER"]
[BlackTeamCountry "GER"]

1. e4 c6 2. Nc3 d5 3. Nf3 Bg4 4. h3 Bxf3 5. Qxf3 e6 6. g3 Nf6 7. Bg2 dxe4 8.
Nxe4 Nxe4 9. Qxe4 Qd5 10. O-O Qxe4 11. Bxe4 Be7 12. d4 Nd7 13. c3 O-O-O 14. Bg2
Nf6 15. Re1 Rd7 16. Bd2 Rhd8 17. b4 Nd5 18. a4 Kb8 19. Ra2 Rc8 20. a5 a6 21.
Kf1 Bf6 22. Re4 Rcd8 23. Ke1 Kc8 24. Kd1 Nc7 25. Re2 h6 26. Kc2 Nb5 27. Be4 Nd6
28. Bd3 Nb5 29. Kb3 h5 30. Rc2 Nc7 31. Be4 g6 32. Bf4 Nd5 33. Bc1 Nc7 34. f4
Rh8 35. Rcd2 Nb5 36. Rd3 Nd6 37. Bg2 Nb5 38. Bf3 Rdd8 39. Be3 Rd7 40. Bf2 Rhd8
41. Red2 Bg7 42. Rd1 Bf6 43. g4 hxg4 44. hxg4 Bg7 45. Rh1 Rh8 46. Rxh8+ Bxh8
47. Rd1 Bg7 48. Rh1 Bxd4 49. cxd4 Nxd4+ 50. Bxd4 Rxd4 51. Rf1 Rxf4 52. Be2 Re4
53. Bc4 f5 54. gxf5 gxf5 55. Kc3 Kc7 56. Rh1 b5 57. axb6+ Kxb6 58. Ra1 e5 59.
Rxa6+ Kb7 60. Ra1 Re3+ 61. Kd2 Re4 62. Kd3 Rf4 63. Re1 Rf3+ 64. Re3 Rxe3+ 65.
Kxe3 Kc7 66. Bd3 Kb6 67. Bf1 c5 68. b5 Ka5 69. Kf3 Kb6 70. Kg3 Kc7 71. Bd3 Kd6
72. Bc4 1-0

[Event "Bundesliga 9899"]
[Site "Deutschland"]
[Date "1999.01.09"]
[Round "7.8"]
[White "Kummerow, Heiko"]
[Black "Reinderman, Dimitri"]
[Result "1-0"]
[WhiteElo "2288"]
[BlackElo "2542"]
[PlyCount "63"]
[EventDate "1998.10.17"]
[EventType "team"]
[EventRounds "15"]
[EventCountry "GER"]
[SourceTitle "Bundesliga 9899"]
[Source "DeepChess"]
[SourceDate "2005.01.01"]
[SourceVersion "1"]
[SourceVersionDate "2005.01.01"]
[SourceQuality "1"]
[WhiteTeam "PSV Turm Duisburg 1920 e.V."]
[BlackTeam "SG Porz e.V."]
[WhiteTeamCountry "GER"]
[BlackTeamCountry "GER"]

1. e4 c5 2. Nf3 Nc6 3. d4 cxd4 4. Nxd4 e6 5. Nb5 d6 6. Bf4 e5 7. Be3 a6 8. N5c3
Nf6 9. Bc4 h6 10. O-O Be7 11. Nd5 Nxd5 12. Bxd5 Bg5 13. Nc3 Bxe3 14. fxe3 O-O
15. Qh5 Be6 16. Rf3 Qe7 17. Raf1 Rac8 18. Rf6 Kh7 19. Bxe6 fxe6 20. Rf7 Rxf7
21. Rxf7 Qe8 22. Qf3 Na5 23. Qf6 Qg8 24. Qxe6 Kh8 25. Qf5 Rb8 26. Nd5 Qh7 27.
Qg4 Qg8 28. Qf3 Nc6 29. c4 Qd8 30. Nf6 Na5 31. Qg3 g5 32. Rh7# 1-0

[Event "Bundesliga 9899"]
[Site "Deutschland"]
[Date "1999.01.09"]
[Round "7.1"]
[White "Jussupow, Artur"]
[Black "Hall, Jesper"]
[Result "1-0"]
[WhiteElo "2641"]
[BlackElo "2486"]
[PlyCount "165"]
[EventDate "1998.10.17"]
[EventType "team"]
[EventRounds "15"]
[EventCountry "GER"]
[SourceTitle "Bundesliga 9899"]
[Source "DeepChess"]
[SourceDate "2005.01.01"]
[SourceVersion "1"]
[SourceVersionDate "2005.01.01"]
[SourceQuality "1"]
[WhiteTeam "SG 1868 Aljech. Solingen"]
[BlackTeam "SV Wattenscheid 1930"]
[WhiteTeamCountry "GER"]
[BlackTeamCountry "GER"]

1. d4 Nf6 2. c4 e6 3. Nc3 Bb4 4. e3 c5 5. Bd3 Nc6 6. Nf3 Bxc3+ 7. bxc3 d6 8. e4
e5 9. h3 h6 10. Be3 b6 11. d5 Ne7 12. Nd2 Nh7 13. Nf1 Ng6 14. g3 O-O 15. h4 Bd7
16. h5 Ne7 17. g4 f6 18. Ng3 Ng5 19. f3 Qe8 20. Kf2 Rb8 21. Kg2 Nf7 22. Rb1 Rb7
23. Rb2 Rb8 24. Qd2 Rb7 25. Rhb1 Qc8 26. Qd1 Qe8 27. Bc2 Nc8 28. Rb3 Ne7 29.
Ra3 Qc8 30. Ba4 Rd8 31. Bb5 Qc7 32. Ra6 Ra8 33. Bxd7 Qxd7 34. Rb5 Rab8 35. Qa4
Qc7 36. Rb3 Kf8 37. Ra3 Ra8 38. Qb5 Qb8 39. Rb3 Qe8 40. Rb1 Qxb5 41. cxb5 Ke8
42. a4 Kd7 43. Ra1 Rab8 44. a5 Kc7 45. axb6+ axb6 46. Nf1 Re8 47. Nd2 Nc8 48.
Nc4 Rf8 49. Bd2 Re8 50. Kg3 Rd8 51. Ra8 Rb8 52. R8a4 Rb7 53. f4 Re8 54. Kf3 Rf8
55. Ra8 Rb8 56. R8a6 Rb7 57. Ke2 Re8 58. Kd3 Rh8 59. Be3 Re8 60. Ra8 Rb8 61.
R8a2 Rb7 62. Ra6 Rh8 63. Bd2 Rf8 64. Ra8 Rb8 65. Rxb8 Kxb8 66. g5 fxg5 67. fxg5
Nxg5 68. Bxg5 hxg5 69. Rg1 Rh8 70. Rxg5 Rh7 71. Ke2 Kc7 72. Kf3 Ne7 73. Kg4 g6
74. hxg6 Rh1 75. Kf3 Rh3+ 76. Kf2 Rxc3 77. Ne3 Ra3 78. g7 Ra8 79. Nf5 Ng8 80.
Rg6 Rd8 81. Kf3 Rd7 82. Kg4 c4 83. Kf3 1-0

[Event "Bundesliga 9899"]
[Site "Deutschland"]
[Date "1999.01.09"]
[Round "7.4"]
[White "Straeter, Timo"]
[Black "Huebner, Robert"]
[Result "0-1"]
[WhiteElo "2313"]
[BlackElo "2585"]
[PlyCount "80"]
[EventDate "1998.10.17"]
[EventType "team"]
[EventRounds "15"]
[EventCountry "GER"]
[SourceTitle "Bundesliga 9899"]
[Source "DeepChess"]
[SourceDate "2005.01.01"]
[SourceVersion "1"]
[SourceVersionDate "2005.01.01"]
[SourceQuality "1"]
[WhiteTeam "SV Wattenscheid 1930"]
[BlackTeam "SG 1868 Aljech. Solingen"]
[WhiteTeamCountry "GER"]
[BlackTeamCountry "GER"]

1. d4 d5 2. c4 dxc4 3. Nc3 c6 4. Nf3 Nf6 5. a4 Bf5 6. e3 e6 7. Bxc4 Bb4 8. O-O
Nbd7 9. Qe2 Bg6 10. e4 Bxc3 11. bxc3 Nxe4 12. Ba3 Qc7 13. Qb2 Nd6 14. Be2 O-O
15. Ne5 Rab8 16. h4 Rfd8 17. h5 Bf5 18. h6 Nxe5 19. dxe5 Ne4 20. Rfd1 Qxe5 21.
hxg7 Qxc3 22. Bf3 Qxb2 23. Bxb2 Nd2 24. Bf6 Nxf3+ 25. gxf3 Rd5 26. Rxd5 exd5
27. Re1 Be6 28. f4 Re8 29. a5 Bd7 30. Rxe8+ Bxe8 31. Bd4 Bd7 32. Kg2 b6 33.
axb6 axb6 34. Bf6 c5 35. Kf1 b5 36. Ke2 Bf5 37. Kd2 b4 38. Be7 c4 39. Bxb4 Kxg7
40. Ke3 h5 0-1

[Event "Bundesliga 9899"]
[Site "Deutschland"]
[Date "1999.01.09"]
[Round "7.5"]
[White "Kasimdzhanov, Rustam"]
[Black "Franke, Johannes"]
[Result "1-0"]
[WhiteElo "2595"]
[BlackElo "2270"]
[PlyCount "83"]
[EventDate "1998.10.17"]
[EventType "team"]
[EventRounds "15"]
[EventCountry "GER"]
[SourceTitle "Bundesliga 9899"]
[Source "DeepChess"]
[SourceDate "2005.01.01"]
[SourceVersion "1"]
[SourceVersionDate "2005.01.01"]
[SourceQuality "1"]
[WhiteTeam "SG 1868 Aljech. Solingen"]
[BlackTeam "SV Wattenscheid 1930"]
[WhiteTeamCountry "GER"]
[BlackTeamCountry "GER"]

1. e4 c6 2. d4 d5 3. Nc3 dxe4 4. Nxe4 Nf6 5. Nxf6+ gxf6 6. Be2 Bf5 7. Bf3 e6 8.
Ne2 h5 9. c3 h4 10. g4 hxg3 11. Nxg3 Bh3 12. Bf4 Qb6 13. Qe2 Nd7 14. O-O-O
O-O-O 15. Ne4 Qa5 16. a3 Qf5 17. Nd6+ Bxd6 18. Bxd6 Nb6 19. Bg3 Nd5 20. c4 Nf4
21. Qe3 Bg2 22. Rhe1 e5 23. dxe5 Nd3+ 24. Rxd3 Rxd3 25. Qxa7 Rxf3 26. Qa8+ Kc7
27. Qxh8 Qg5+ 28. Kb1 Qd2 29. exf6+ Rxg3 30. Re7+ Kb6 31. fxg3 Bf1 32. Qh4 Bd3+
33. Ka2 Qd1 34. c5+ Ka6 35. a4 Qc1 36. Qd4 Qb1+ 37. Kb3 Qd1+ 38. Kb4 Qd2+ 39.
Qc3 Qd1 40. Rd7 b5 41. axb5+ cxb5 42. Qa3+ 1-0

[Event "Bundesliga 9899"]
[Site "Deutschland"]
[Date "1999.01.09"]
[Round "7.6"]
[White "Sandkamp, Ralph"]
[Black "Bischoff, Klaus"]
[Result "1-0"]
[WhiteElo "2271"]
[BlackElo "2521"]
[PlyCount "97"]
[EventDate "1998.10.17"]
[EventType "team"]
[EventRounds "15"]
[EventCountry "GER"]
[SourceTitle "Bundesliga 9899"]
[Source "DeepChess"]
[SourceDate "2005.01.01"]
[SourceVersion "1"]
[SourceVersionDate "2005.01.01"]
[SourceQuality "1"]
[WhiteTeam "SV Wattenscheid 1930"]
[BlackTeam "SG 1868 Aljech. Solingen"]
[WhiteTeamCountry "GER"]
[BlackTeamCountry "GER"]

1. Nf3 Nf6 2. g3 d5 3. Bg2 c6 4. O-O Bf5 5. b3 e6 6. Bb2 Be7 7. d3 h6 8. Nbd2
O-O 9. Ne5 Bh7 10. e4 Nbd7 11. Nxd7 Nxd7 12. f4 Bf6 13. e5 Be7 14. Qe2 a5 15.
a4 Re8 16. Bh3 Bf8 17. f5 exf5 18. Bxf5 Nxe5 19. Bxh7+ Kxh7 20. Bxe5 f6 21. d4
fxe5 22. dxe5 Kg8 23. Rf5 Re6 24. Raf1 Qb6+ 25. Kh1 Rae8 26. Qg4 R6e7 27. Qf4
Qd8 28. Nf3 g5 29. Qg4 Bg7 30. h4 gxh4 31. gxh4 Qc8 32. Rg1 c5 33. h5 Rf7 34.
Nh4 Qe6 35. Rgf1 Ref8 36. Kg2 d4 37. Kh3 d3 38. cxd3 Qxb3 39. R1f3 Qe6 40. Rxf7
Qxg4+ 41. Kxg4 Rxf7 42. Rxf7 Kxf7 43. Kf5 Ke8 44. Ke6 b5 45. Nf5 Bf8 46. axb5
a4 47. Nd6+ Kd8 48. Nc4 Be7 49. Kf7 1-0

[Event "Bundesliga 9899"]
[Site "Deutschland"]
[Date "1999.01.09"]
[Round "7.7"]
[White "Chandler, Murray G"]
[Black "Thiel, Thomas"]
[Result "1-0"]
[WhiteElo "2520"]
[BlackElo "2311"]
[PlyCount "99"]
[EventDate "1998.10.17"]
[EventType "team"]
[EventRounds "15"]
[EventCountry "GER"]
[SourceTitle "Bundesliga 9899"]
[Source "DeepChess"]
[SourceDate "2005.01.01"]
[SourceVersion "1"]
[SourceVersionDate "2005.01.01"]
[SourceQuality "1"]
[WhiteTeam "SG 1868 Aljech. Solingen"]
[BlackTeam "SV Wattenscheid 1930"]
[WhiteTeamCountry "GER"]
[BlackTeamCountry "GER"]

1. e4 c5 2. Nf3 Nc6 3. Bb5 Nf6 4. e5 Nd5 5. Nc3 Nxc3 6. dxc3 g6 7. O-O Bg7 8.
Re1 Qb6 9. a4 Nd8 10. h4 h6 11. Qd3 Ne6 12. a5 Qc7 13. Qe4 Rb8 14. b3 a6 15.
Bc4 b5 16. axb6 Rxb6 17. Bd5 Nd8 18. Nd2 e6 19. Bc4 Nc6 20. Nf3 Ne7 21. Qe2 O-O
22. Bf4 Qc6 23. Qd2 Kh7 24. Ra5 Nf5 25. Bd3 Qc7 26. Ra4 Bb7 27. Be4 Bxe4 28.
Rexe4 Ne7 29. Qe2 Nd5 30. Bd2 f5 31. exf6 Nxf6 32. Rf4 d5 33. Rxa6 Rxa6 34.
Qxa6 e5 35. Ra4 e4 36. Nh2 Rf7 37. Qe2 Nh5 38. Ra6 Qc8 39. Ra1 Nf4 40. Bxf4
Rxf4 41. h5 Bxc3 42. Ra7+ Bg7 43. Qd2 Rf5 44. Ng4 g5 45. Ne3 Re5 46. Nxd5 Qd8
47. c4 Kh8 48. Qa2 Re8 49. Qa6 Kg8 50. Qg6 1-0

[Event "Bundesliga 9899"]
[Site "Deutschland"]
[Date "1999.01.09"]
[Round "7.8"]
[White "Lehmann, Holger"]
[Black "Schneider, Bernd"]
[Result "0-1"]
[WhiteElo "2167"]
[BlackElo "2415"]
[PlyCount "132"]
[EventDate "1998.10.17"]
[EventType "team"]
[EventRounds "15"]
[EventCountry "GER"]
[SourceTitle "Bundesliga 9899"]
[Source "DeepChess"]
[SourceDate "2005.01.01"]
[SourceVersion "1"]
[SourceVersionDate "2005.01.01"]
[SourceQuality "1"]
[WhiteTeam "SV Wattenscheid 1930"]
[BlackTeam "SG 1868 Aljech. Solingen"]
[WhiteTeamCountry "GER"]
[BlackTeamCountry "GER"]

1. c4 g6 2. Nc3 Bg7 3. e4 d6 4. d4 e5 5. Be3 exd4 6. Bxd4 Nf6 7. h3 Nc6 8. Be3
O-O 9. Nf3 Re8 10. Bd3 Nb4 11. Bb1 Be6 12. Qe2 c6 13. O-O d5 14. exd5 cxd5 15.
a3 Nc6 16. Rd1 Qa5 17. Ba2 Rad8 18. cxd5 Nxd5 19. Nxd5 Bxd5 20. b4 Qxa3 21.
Bxd5 Bxa1 22. Qc4 Rxe3 23. fxe3 Qxe3+ 24. Kh1 Bf6 25. Bxf7+ Kg7 26. Rxd8 Bxd8
27. Bg8 Qe7 28. Bd5 Qf6 29. Bxc6 bxc6 30. Qc1 Qe6 31. h4 h6 32. Qd1 Qe7 33. Qb1
Qe3 34. Kh2 Bc7+ 35. Kh1 Bb6 36. Kh2 Bc7+ 37. Kh1 Be5 38. Qd1 Bf6 39. Qd7+ Qe7
40. Qxc6 Qxb4 41. Qd7+ Qe7 42. Qd1 Bxh4 43. Nxh4 Qxh4+ 44. Kg1 Qe7 45. Kh1 h5
46. Qd5 Qc7 47. Qb5 a5 48. Qb2+ Kh7 49. Qb5 Qc1+ 50. Kh2 Qf4+ 51. Kh1 Qh4+ 52.
Kg1 Qd4+ 53. Kh1 a4 54. Qe8 Qa7 55. Qe2 a3 56. Qa2 Qe7 57. Kh2 Qa7 58. Kh1 h4
59. Kh2 Qc7+ 60. Kh1 Qc1+ 61. Kh2 Qf4+ 62. Kh1 Qc1+ 63. Kh2 Qf4+ 64. Kh1 h3 65.
Qe2 Qg5 66. g3 Qc1+ 0-1